Contabilidad para cooperativas / (Registro nro. 13060)
[ vista simple ]
| 000 -CABECERA | |
|---|---|
| Longitud fija campo de control | 01068nam a2200217 a 4500 |
| 003 - • IDENTIFICADOR DELl NÚMERO DE CONTROL | |
| Identificador del número de control | CO-ViMGA |
| 008 - • CÓDIGOS DE INFORMACIÓN DE LONGITUD FIJA | |
| Códigos de información de longitud fija | 141112s2004 ck r 000 u spa d |
| 040 ## - FUENTE DE LA CATALOGACIÓN | |
| Centro catalogador de origen | CO-ViMGA |
| Lengua de catalogación | spa |
| Centro transcriptor | CO-ViMGA |
| 082 04 - • NÚMERO DE LA CLASIFICACIÓN DECIMAL DEWEY | |
| Número de clasificación (R) | 657.97 A517 |
| 100 1# - • PUNTO DE ACCESO PRINCIPAL-NOMBRE DE PERSONA | |
| Nombre de persona | Amat, Joan |
| 245 10 - • TITULO PROPIAMENTE DICHO | |
| Título | Contabilidad para cooperativas / |
| Mención de responsabilidad, etc. | Amat Joan |
| 250 ## - • MENCIÓN DE EDICIÓN | |
| Mención de edición | 4a |
| 300 ## - • DESCRIPCIÓN FÍSICA | |
| Extensión | 240 p |
| 490 ## - • MENCIÓN DE SERIE | |
| Mención de serie | Biblioteca de Cooperativismo |
| 505 ## - • NOTA DE CONTENIDO CON FORMATO | |
| Nota de contenido con formato | El patrimonio de la cooperativa : El balance de la situación 13 - - La cuenta de resultados de la cooperativa : El excedente 23 - - El circuito contable 43 - - El plan general de cuentas 65 - - El activo 71 - - Activo circulante 85 - - El pasivo de la cooperativa : El pasivo exigible 111 - - El pasivo de la cooperativa : El pasivo no exigible o recursos propios 134 - - La disminución del excedente y la imputación de perdidas 143 - - Aspectos específicos de la contablilidad de cooperativas 151 |
| 650 14 - • PUNTO DE ACCESO ADICIONAL DE MATERIA - TÉRMINO DE MATERIA | |
| Término de materia o nombre geográfico como elemento inicial | CONTABILIDAD |
| 650 14 - • PUNTO DE ACCESO ADICIONAL DE MATERIA - TÉRMINO DE MATERIA | |
| Término de materia o nombre geográfico como elemento inicial | COOPERATIVAS - CONTABILIDAD |
| 942 ## - ENTRADA DE ELEMENTOS AGREGADOS (KOHA) | |
| Fuente de clasificaión o esquema | Dewey Decimal Classification |
| Koha [por defecto] tipo de item | LIbro |
| Perdido | Fuente de clasificación o esquema | Estado Físico | No para préstamo | Forma de adquisición | Localización permanente | Localización actual | Fecha adquisición | Serie de enumeración / cronolog&íacute;a | Préstamos totales | Signatura completa | Código de barras | Fecha última consulta | Número de copia | Fecha del precio de reemplazo | Tipo de item de Koha |
|---|---|---|---|---|---|---|---|---|---|---|---|---|---|---|---|
| Dewey Decimal Classification | Sala Especializada Tercer Piso | Biblioteca Pública Germán Arciniegas - Villavicencio | Biblioteca Pública Germán Arciniegas - Villavicencio | 12/04/2015 | Volumen. 1 | 11/jun/2009 | 657.97 A517 | 02992 | 12/04/2015 | Ej. 1 | 12/04/2015 | LIbro |